000 00656nam a2200229Ia 4500
003 OSt
005 20220918180721.0
006 a|||||r|||| 00| 0
007 ta
008 220917b |||||||| |||| 00| 0 eng d
024 _a23,696
037 _cTextual
040 _aARTS
_cARTS
_beng
041 _2eng
_aeng
082 _aO111,1K08(W), G7 (EO)
100 _aGrierson Herbert J C
_941628
245 0 _aMilton and Wordsworth
_b poet and prophets
260 _aLondon
_bChatto and Windus
_c1956
650 _aENGLISH LITERATURE
942 _hO111,1K08(W), G7 (EO)
_cTEXL
_2CC
999 _c162740
_d162740